Biología /

Guardado en:
Autor Principal: Freeman, Scott
Formato: Libro
Publicado: Madrid : Pearson, 2009
Edición:3a. ed.
Materias:
Etiquetas: Agregar Etiqueta
Sin Etiquetas, Sea el primero en etiquetar este registro!
LEADER 00594nam a22002415a 4500
001 CEM.cems014056
008 130507s2009##################000#0#####d
005 20210705175814.0
003 CEMS
245 1 0 |a Biología /  |c Scott Freeman 
250 |a 3a. ed. 
260 |a Madrid :  |b Pearson,  |c 2009 
300 |a 1390 p. 
590 |a 1150.013 
020 |a 9788478290987 
100 1 |a Freeman, Scott 
653 |a Biología 
653 |a Biblioteca TC 
653 |a Célula 
653 |a Molécula 
653 |a Genética 
653 |a Ecología 
859 |a CEMS  |b BIB. CEMS - 11 de abril  |h TC  |p 1150.013  |t Ej.1